Upgrading of manually operated mooney viscometer to a semi-automated system (Record no. 71773)

MARC details
000 -LEADER
fixed length control field 00492nam a2200121Ia 4500
100 ## - MAIN ENTRY--AUTHOR NAME
Personal name Woo Wong
245 #0 - TITLE STATEMENT
Title Upgrading of manually operated mooney viscometer to a semi-automated system
260 ## - PUBLICATION, DISTRIBUTION, ETC. (IMPRINT)
Name of publisher Natural Rubber: Current Developments in Product Manufacture and Applications: Proceedings of the International Rubber Technology Conferencce, Kuala Lumpur, 1993; p504-511
650 ## - SUBJECT ADDED ENTRY--TOPICAL TERM
Topical Term Moony viscometer
700 ## - ADDED ENTRY--PERSONAL NAME
Personal name Soo Lim Hun
942 ## - ADDED ENTRY ELEMENTS (KOHA)
Koha item type Journals
Holdings
Withdrawn status Lost status Damaged status Not for loan Home library Current library Shelving location Date acquired Koha item type
      Journals RRII Library RRII Library Rubber chemistry 17/12/2021 Journals